Rosco de Pasapalabra #33 - Estadísticas

Estadísticas generales
  • Esta prueba ha sido intentada 477 veces
  • La puntuación promedio es 12 de 25
Estadísticas de respuestas
Inicial Definición Respuesta % Correcto
A Ciudad que es capital de Turquía Ankara
91%
B Acción de nadar con todo el cuerpo sumergido Buceo
87%
P En fútbol, máxima sanción que se aplica a ciertas faltas cometidas por un equipo dentro de su área Penalti
82%
J Selva tropical muy espesa, de árboles y arbustos Jungla
81%
H Se dice de la persona vaga o que no quiere trabajar Holgazán
76%
I Cantidad que paga una persona a otra por un daño o perjuicio que le ha causado Indemnización
74%
S Terremoto, sacudida de la corteza terrestre Seísmo
69%
M Silla con brazos, apoyada en dos balancines o arcos, de modo que se le puede dar un movimiento de balanceo Mecedora
68%
U Participio del verbo ultrajar Ultrajado
68%
D Destruir los gérmenes nocivos en una cosa Desinfectar
67%
E Imagen en la pantalla de un ordenador en la cual figuran los iconos que representan archivos y programas Escritorio
64%
O Estorbar el paso, cerrar un conducto o camino Obstruir
64%
N Circunstancia agravante de responsabilidad que se da cuando se comete un delito por la noche Nocturnidad
52%
Contiene la X Cosa que se aparta de la regla o condición general de las demás de su especie Excepción
43%
F Barco de guerra, menor que el destructor, con misiones de escolta y de patrulla Fragata
42%
C Cilindro que contiene una carga explosiva y a veces munición, empleado en armas de fuego o para voladuras Cartucho
40%
Contiene la Ñ Pequeño mamífero insectívoro, semejante a un ratón, pero con el hocico largo y puntiagudo Musaraña
39%
R Carcajada, risa fuerte y ruidosa Risotada
39%
T Dar una interpretación forzada o errónea a palabras o acontecimientos Tergiversar
37%
V Digno de respeto por su edad Venerable
17%
Z Muchacho que mantiene todavía el aspecto o el comportamiento de un niño Zangolotino
4%
Contiene la Y Nombre del equipo de fútbol de la ciudad de Casablanca que ha ganado la liga de Marruecos en 22 ocasiones Wydad
3%
L Apellido del cineasta que dirigió la película 'El poder del dinero' Luketic
2%
Contiene la Q Plato de origen cubano que consiste en plátano verde hervido y aplastado hasta lograr una masa pastosa Machuquillo
2%
G Igualar los bordes de un vidrio después de cortado con el diamante Grujir
1%
No se encontraron pruebas coincidentes
Distribución de puntuación
Porcentaje de gente con cada puntuación
Porcentaje por número respondido
Historial de tus puntuaciones
No has intentado esta prueba.